000
00216nam a2200085 4500
001
1254658
005
20251120104113.0
245
_a
MACERA GEÇİDİ BÜYÜK YARIŞ
_c
TUNCEL ALTINKÖPRÜ
260
_b
GENÇ HAYAT YAYINLARI
999
_c
1254658
_d
1254658